| 000 | 01452nam a2200241Ia 4500 | ||
|---|---|---|---|
| 003 | Ost | ||
| 005 | 20260507075047.0 | ||
| 008 | 260507s9999||||xx |||||||||||||| ||und|| | ||
| 020 | _a9957110039 | ||
| 040 | _cfsecg | ||
| 041 | _aara | ||
| 082 | _a600 | ||
| 100 |
_aالمبيضين، عقلة محمد يوسف _eمؤلف |
||
| 245 | 0 |
_aالنظام المحاسبي الحكومي وإدارته : _bالمفاهيم والأسس والنظريات والتطبيق العملي / _c عقلة محمد يوسف المبيضين |
|
| 260 |
_aعمان: _bدار وائل للنشر, _c1999 |
||
| 300 |
_a419 صفحة؛ _bإيضاحات ؛ _c24 سم |
||
| 504 | _aببليوغرافيا: ص.409 | ||
| 520 | _aمقدمة لدراسة النظام المحاسبي الحكومي- النظريات والأسس المحاسبية- الإطار المؤسسي للنظام المحاسبي الحكومي- عناصر النظام المحاسبي- تصنيف حسابات واتجاهات التطور والوظائف- حسابات الإيرادات العامة- حسابات النفقات العامة- حسابات الرواتب والأجور والعلاواة- حسابات خارج الموازنة- إقفال الحسابات وإعداد الحسابات الختامية | ||
| 653 | _aالإدارة المالية | ||
| 653 | _aالمحاسبة الإدارية | ||
| 653 | _aالمحاسبة الحكومية | ||
| 942 | _cكتاب | ||
| 999 |
_c42587 _d42587 |
||